|
|
|
|
| LEADER |
00000nlm2a2200000 4500 |
| 001 |
157746 |
| 005 |
20231031154007.0 |
| 035 |
|
|
|a (RuTPU)RU\TPU\book\171104
|
| 035 |
|
|
|a RU\TPU\book\171103
|
| 090 |
|
|
|a 157746
|
| 100 |
|
|
|a 20090413d1905 k y0rusy50 ca
|
| 101 |
0 |
|
|a rus
|
| 102 |
|
|
|a RU
|
| 105 |
|
|
|a y z 001zy
|
| 135 |
|
|
|a vrcn ---uucaa
|
| 200 |
1 |
|
|a Права семейные и опека
|
| 210 |
|
|
|d 1905
|
| 230 |
|
|
|a 1 компьютерный файл (pdf; 39024 KB)
|
| 300 |
|
|
|a Заглавие с титульного экрана
|
| 300 |
|
|
|a Электронная версия печатной публикации
|
| 337 |
|
|
|a Adobe Reader
|
| 461 |
|
1 |
|0 (RuTPU)RU\TPU\book\171065
|t Система русского гражданского права
|o в 6 т.
|f К. Н. Анненков
|v Т. 5
|d 1895-1905
|
| 606 |
1 |
|
|a Гражданское право
|2 stltpush
|3 (RuTPU)RU\TPU\subj\8516
|
| 610 |
1 |
|
|a гражданское право
|
| 610 |
1 |
|
|a закон
|
| 610 |
1 |
|
|a семейное право
|
| 610 |
1 |
|
|a опека
|
| 610 |
1 |
|
|a попечительство
|
| 610 |
1 |
|
|a имущественные права
|
| 610 |
1 |
|
|a обязанности
|
| 610 |
1 |
|
|a электронный ресурс
|
| 686 |
|
|
|a Х623
|v LBC/SL-A
|2 rubbk
|
| 801 |
|
2 |
|a RU
|b 63413507
|c 20090430
|g PSBO
|
| 856 |
4 |
|
|u http://www.lib.tpu.ru/fulltext/m/2009/consultant/annenkov_1_5.pdf
|
| 942 |
|
|
|c CF
|